000 00747nam a22002417a 4500
001 33942
003 UA-OsUOA
005 20201119221739.0
007 ta
008 20050919b un ||||| |||| 00| 0 ukr d
040 _aUA-OsUOA
_bukr
_cUA-OsUOA
_dUA-OsUOA
041 _aukr
080 _a23(477)
090 _a23(477)
_bБ91
100 _aБурко Д.
245 _aУкраїнська Автокефальна Православна церква - вічне джерело життя
260 _aСША
_bСаут-Бавнд-Брук
_c1988
300 _a392 с.
650 7 _a2 Релігія. Теологія.
_2UDC
942 _cBK
_2udc
955 _a2
999 _c320390
_d320390